000 00634nam a2200229Ia 4500
005 20250508164109.0
008 008 250505s9999 xx 000 0 eng d
020 _a81-7554-154-7
037 _aTextBook
040 _aFEDL
_beng
_cFEDL
041 _aeng
_2eng
084 _a371.1, PAC
_qFEDL
100 _aPackard Nick Ed.
_9777314
245 0 _a2000 tips for teachers
260 _aNew Delhi, India
_bViva Books Private Limited
_c2003
300 _axii,287p
365 _aINR
_b395
650 _aTeaching Personnel
700 _a Race Phil Ed.
_9777315
942 _cTB
_h371.1, PAC
999 _c1387032
_d1387032